00504nam a2200145 a 450000100100000000500170001000800410002704000250006811000460009324500410013926000360018030000200021695201050023699900170034100004060320201002034238.0130903s2001 dr 000 0 spa d aDO-SdBNPbspacBNPHU2 aInstituto de Contadores Públicos96694110aCódigo de ética del profesional. aSanto Domingo :bICPARD,c2001. a55 p. ;c21 cm. 0010718PDaPDbPDcCTd2013-09-03iLF1l0o p40603-10r2020-06-25w2020-06-25yLFPDZNo se presta c40093d40093